| 000 | 01353nam a2200301 i 4500 | ||
|---|---|---|---|
| 001 | 196915 | ||
| 003 | ES-MaACL | ||
| 005 | 20250823004928.0 | ||
| 008 | 250129b2025 sp ||||| |||| 00| 0 spa d | ||
| 017 |
_aM 28096-2024 _bOficina Depósito Legal Madrid |
||
| 020 | _a9788412962222 | ||
| 040 |
_bspa _cES-MaACL |
||
| 100 | 1 |
_aCarvayo Medina, Juan Carlos _9239506 _eaut |
|
| 245 | 1 |
_aMúsica compartida : _breflexiones sobre la práctica camerística / _cdiscurso del académico electo Excmo. Sr. D. Juan Carlos Garvayo Medina, leído en el acto de su recepción pública el día 26 de enero de 2025 y contestación del Excmo. Sr. D. José Luis García del Busto. |
|
| 260 |
_aMadrid : _bReal Academia de Bellas Artes de San Fernando, _c2025. |
||
| 300 |
_a39 páginas ; _c24 cm |
||
| 336 |
_2rdacontent _atexto |
||
| 337 |
_2rdamedia _asin mediación |
||
| 338 |
_2rdacarrier _avolumen |
||
| 650 | 7 |
_aMúsica _2embne _915376 |
|
| 655 | 4 |
_9226841 _aDiscursos |
|
| 700 | 1 |
_9167192 _aGarcía del Busto, José Luis, _d1947- _eaut |
|
| 852 |
_aES-MaACL _cDEPOJ _jN-10322 _xEncuadernación rústica con solapas _9206440 _hDonación: Editorial |
||
| 942 |
_cMONOGRAFIA _n0 |
||
| 999 |
_c196915 _d196915 |
||